[Event "Karposh Open  2012"]
[Site "Skopje MKD"]
[Date "2012.04.07"]
[Round "1.37"]
[White "Arsovic, Goran"]
[Black "Atanasov, Sande"]
[Result "1-0"]
[WhiteElo "2422"]
[BlackElo "1950"]
[PlyCount "91"]
[EventDate "2012.04.07"]
[EventType "swiss"]
[EventRounds "9"]
[Source "lmi"]
[SourceDate "2012.04.07"]

1. d4 e6 2. c4 c5 3. d5 g6 4. e4 d6 5. Bd3 Bg7 6. Nf3 e5 7. Nc3 Bg4 8. h3 Bd7
9. O-O Na6 10. a3 Qe7 11. Bc2 f5 12. Ba4 h6 13. Bxd7+ Qxd7 14. Nh4 Qf7 15. f4
Bf6 16. Qe1 Bxh4 17. Qxh4 Kd7 18. fxe5 dxe5 19. exf5 gxf5 20. Qe4 Re8 21. Rxf5
Qg7 22. Qg4 Qxg4 23. hxg4 Nc7 24. Ne4 b6 25. Be3 Rh7 26. Raf1 Rg7 27. Rf7+ Rxf7
28. Rxf7+ Kd8 29. Nd6 Re7 30. Rf8+ Kd7 31. Ne4 Re8 32. Rxg8 Rxg8 33. Nf6+ Ke7
34. Nxg8+ Kf8 35. Nxh6 Kg7 36. Nf5+ Kf6 37. Nd6 a5 38. Ne4+ Kg7 39. Kf2 Na6 40.
Kf3 Nb8 41. g5 Nd7 42. Kg4 Kg6 43. Nd6 Nb8 44. Nc8 Nd7 45. g3 a4 46. Nd6 1-0

[Event "Karposh Open  2012"]
[Site "Skopje MKD"]
[Date "2012.04.07"]
[Round "1.38"]
[White "Bejatovic, Bojana"]
[Black "D`costa, Lorin A R"]
[Result "0-1"]
[WhiteElo "1944"]
[BlackElo "2420"]
[PlyCount "98"]
[EventDate "2012.04.07"]
[EventType "swiss"]
[EventRounds "9"]
[Source "lmi"]
[SourceDate "2012.04.07"]

1. d4 Nf6 2. Nf3 e6 3. e3 b6 4. Bd3 Bb7 5. Nbd2 c5 6. O-O cxd4 7. exd4 Be7 8.
b3 O-O 9. Bb2 d6 10. Re1 Nbd7 11. c4 Re8 12. Qc2 Bf8 13. Re2 Rc8 14. Rae1 g6
15. Ne4 Nxe4 16. Bxe4 d5 17. Bd3 dxc4 18. bxc4 Bxf3 19. gxf3 Qg5+ 20. Kh1 Qf4
21. Kg2 Bd6 22. Rh1 Qg5+ 23. Kf1 Qh4 24. h3 Nf6 25. Qb3 Bf8 26. d5 exd5 27.
cxd5 Rxe2 28. Bxe2 Bc5 29. Rh2 Qf4 30. Rg2 Bd4 31. Ba3 Qd2 32. Qd3 Qxd3 33.
Bxd3 Rc3 34. Bb2 Rxd3 35. Ke2 Bxb2 36. Kxd3 Nxd5 37. Rg4 b5 38. Kc2 Be5 39. Re4
f6 40. Kb3 Kf7 41. Rh4 h5 42. Re4 Ke6 43. h4 Kf5 44. Re1 a5 45. Rd1 a4+ 46. Kc2
Nc3 47. Ra1 b4 48. Rc1 Nxa2 49. Rb1 b3+ 0-1

[Event "Karposh Open  2012"]
[Site "Skopje MKD"]
[Date "2012.04.07"]
[Round "1.39"]
[White "Krivokapic, Marko"]
[Black "Golubovic, Tomislav"]
[Result "1-0"]
[WhiteElo "2415"]
[BlackElo "1944"]
[PlyCount "39"]
[EventDate "2012.04.07"]
[EventType "swiss"]
[EventRounds "9"]
[Source "lmi"]
[SourceDate "2012.04.07"]

1. e4 e5 2. Nf3 Nc6 3. Bc4 h6 4. O-O Bc5 5. c3 d6 6. d4 Bb6 7. dxe5 Bg4 8. exd6
cxd6 9. Bf4 Bc7 10. Nbd2 Qf6 11. Be3 Nge7 12. h3 Bh5 13. Qb3 O-O-O 14. Bd5 Nxd5
15. exd5 Ne5 16. Nxe5 dxe5 17. c4 Bg6 18. c5 Rd7 19. Rac1 e4 20. d6 1-0

[Event "Karposh Open  2012"]
[Site "Skopje MKD"]
[Date "2012.04.07"]
[Round "1.40"]
[White "Ranic, Viktor"]
[Black "Pacher, Milan"]
[Result "1/2-1/2"]
[WhiteElo "1941"]
[BlackElo "2402"]
[PlyCount "87"]
[EventDate "2012.04.07"]
[EventType "swiss"]
[EventRounds "9"]
[Source "lmi"]
[SourceDate "2012.04.07"]

1. e4 c5 2. Nf3 e6 3. d4 cxd4 4. Nxd4 Nf6 5. Bd3 Nc6 6. Nxc6 bxc6 7. O-O d5 8.
exd5 cxd5 9. Bg5 Be7 10. Re1 O-O 11. Nd2 h6 12. Bh4 Nd7 13. Bxe7 Qxe7 14. c4
Nc5 15. Bc2 dxc4 16. Nxc4 Rd8 17. Qe2 Ba6 18. Rad1 Rac8 19. b3 Qf6 20. Qe5 Bxc4
21. Qxf6 gxf6 22. bxc4 Kf8 23. Kf1 Ke7 24. Ke2 Rb8 25. Rxd8 Kxd8 26. Rb1 Rb6
27. Rb5 Rxb5 28. cxb5 Kc7 29. Kf3 f5 30. g4 Kb6 31. gxf5 Kxb5 32. Kg4 Kb4 33.
Kh5 Ka3 34. fxe6 fxe6 35. Kxh6 Kxa2 36. Kg7 Kb2 37. Bg6 a5 38. Be8 Ne4 39. f4
Kc1 40. h4 Nd6 41. Bd7 Nf5+ 42. Kf6 Nxh4 43. Kxe6 Kd2 44. f5 1/2-1/2

[Event "Karposh Open  2012"]
[Site "Skopje MKD"]
[Date "2012.04.07"]
[Round "1.42"]
[White "Stojkovska, Monika"]
[Black "Dancevski, Orce"]
[Result "0-1"]
[WhiteElo "1936"]
[BlackElo "2380"]
[PlyCount "58"]
[EventDate "2012.04.07"]
[EventType "swiss"]
[EventRounds "9"]
[Source "lmi"]
[SourceDate "2012.04.07"]

1. e4 d5 2. exd5 Nf6 3. c4 c6 4. d4 cxd5 5. Nc3 e6 6. c5 Be7 7. Nf3 O-O 8. Bd3
b6 9. b4 a5 10. Na4 Nbd7 11. Qc2 Qc7 12. Bg5 axb4 13. c6 Nb8 14. Ne5 Ba6 15.
Nb2 Ne4 16. Bxe7 Bxd3 17. Nbxd3 Qxe7 18. Rb1 f6 19. Nf3 Na6 20. O-O Rfc8 21.
Rb2 Qd6 22. Qb3 Rxc6 23. Rc1 Rc3 24. Rxc3 bxc3 25. Rc2 Qc6 26. Nfe1 Rc8 27. f3
Nd6 28. Qa3 b5 29. Qb3 Nf5 0-1

[Event "Karposh Open  2012"]
[Site "Skopje MKD"]
[Date "2012.04.07"]
[Round "1.43"]
[White "Nestorovic, Lazar"]
[Black "Vukelic, Zvonimir"]
[Result "1-0"]
[WhiteElo "2374"]
[BlackElo "1931"]
[PlyCount "59"]
[EventDate "2012.04.07"]
[EventType "swiss"]
[EventRounds "9"]
[Source "lmi"]
[SourceDate "2012.04.07"]

1. e4 c6 2. d4 d5 3. e5 Bf5 4. Nc3 e6 5. g4 Bg6 6. Nge2 h6 7. Be3 Be7 8. Qd2
Nd7 9. O-O-O Nb6 10. Nf4 Bh7 11. Nh5 Bf8 12. h4 g6 13. Ng3 Qc7 14. g5 h5 15.
Bd3 Ne7 16. Kb1 O-O-O 17. Nce2 Nf5 18. Bxf5 exf5 19. Qd3 Nc4 20. b3 Qb6 21. Ka1
Na3 22. c4 dxc4 23. bxc4 Qa6 24. Rc1 Be7 25. Rhd1 Rd7 26. Qb3 Rhd8 27. d5 Bf8
28. d6 Qa5 29. Bd4 c5 30. Bb2 1-0

[Event "Karposh Open  2012"]
[Site "Skopje MKD"]
[Date "2012.04.07"]
[Round "1.44"]
[White "Minas, Ioannis"]
[Black "Dinev, Dejan"]
[Result "1/2-1/2"]
[WhiteElo "1930"]
[BlackElo "2373"]
[PlyCount "55"]
[EventDate "2012.04.07"]
[EventType "swiss"]
[EventRounds "9"]
[Source "lmi"]
[SourceDate "2012.04.07"]

1. e4 e6 2. d4 d5 3. exd5 exd5 4. Bd3 Bd6 5. Ne2 Ne7 6. O-O O-O 7. Bg5 c6 8.
Ng3 f6 9. Bc1 a5 10. c4 dxc4 11. Bxc4+ Kh8 12. Nc3 Nf5 13. Nxf5 Bxf5 14. Qf3
Bg6 15. Be3 Re8 16. h4 h5 17. Rad1 Nd7 18. Bd3 Bxd3 19. Rxd3 g6 20. Ne4 Qe7 21.
Nxd6 Qxd6 22. Bf4 Qd5 23. Qxd5 cxd5 24. Rb3 Re4 25. Rxb7 Rxf4 26. Rxd7 Rxd4 27.
Rc1 Rc4 28. Re1 1/2-1/2

[Event "Karposh Open  2012"]
[Site "Skopje MKD"]
[Date "2012.04.07"]
[Round "1.45"]
[White "Erturan, Yakup"]
[Black "Cvetkovski, Slobodan"]
[Result "1-0"]
[WhiteElo "2370"]
[BlackElo "1927"]
[PlyCount "61"]
[EventDate "2012.04.07"]
[EventType "swiss"]
[EventRounds "9"]
[Source "lmi"]
[SourceDate "2012.04.07"]

1. e4 e6 2. d4 d5 3. Nc3 Bb4 4. e5 c5 5. a3 Bxc3+ 6. bxc3 Ne7 7. Qg4 Nbc6 8.
Qxg7 Rg8 9. Qxh7 Qa5 10. Bd2 Qa4 11. f4 Bd7 12. dxc5 O-O-O 13. Qd3 Na5 14. Nf3
Nc4 15. Nd4 Rdf8 16. g3 f6 17. exf6 Rxf6 18. Qh7 Re8 19. Bxc4 Qxc4 20. Qd3 Qxc5
21. Be3 Nf5 22. O-O Qa5 23. Nb3 Qa4 24. Nc5 Qa5 25. Nxd7 Kxd7 26. c4 Qa6 27.
Bf2 Nd6 28. cxd5 Qxd3 29. dxe6+ Rfxe6 30. cxd3 Nb5 31. Rab1 1-0

[Event "Karposh Open  2012"]
[Site "Skopje MKD"]
[Date "2012.04.07"]
[Round "1.46"]
[White "Georgieva, Emilia"]
[Black "Menkinoski, Riste"]
[Result "0-1"]
[WhiteElo "1918"]
[BlackElo "2369"]
[PlyCount "62"]
[EventDate "2012.04.07"]
[EventType "swiss"]
[EventRounds "9"]
[Source "lmi"]
[SourceDate "2012.04.07"]

1. d4 Nf6 2. Nf3 e6 3. Bg5 c5 4. e3 b6 5. c3 Bb7 6. Nbd2 Be7 7. Bd3 O-O 8. Qa4
cxd4 9. exd4 d6 10. Bxf6 Bxf6 11. Qc2 h6 12. h4 Nc6 13. Kf1 Rc8 14. Qb1 e5 15.
d5 Ne7 16. c4 b5 17. b3 e4 18. Bxe4 Bxa1 19. Qxa1 bxc4 20. bxc4 Ba6 21. Qd4 Qb6
22. Qd3 Qc5 23. Bh7+ Kh8 24. Qe4 Nxd5 25. Ng5 Bxc4+ 26. Kg1 Nc3 27. Qc2 Ne2+
28. Kh2 Qxf2 29. Nde4 Qxh4+ 30. Nh3 f5 31. g3 Qxe4 0-1

[Event "Karposh Open  2012"]
[Site "Skopje MKD"]
[Date "2012.04.07"]
[Round "1.47"]
[White "Stojcevski, Zoran"]
[Black "Batkoski, Nenad"]
[Result "1-0"]
[WhiteElo "2346"]
[BlackElo "1892"]
[PlyCount "73"]
[EventDate "2012.04.07"]
[EventType "swiss"]
[EventRounds "9"]
[Source "lmi"]
[SourceDate "2012.04.07"]

1. e4 e5 2. f4 Bc5 3. Nf3 d6 4. Bc4 Nc6 5. Nc3 Bg4 6. h3 Bxf3 7. Qxf3 Nd4 8.
Qg3 Nxc2+ 9. Kd1 Nxa1 10. fxe5 g6 11. Rf1 f6 12. exf6 Nxf6 13. e5 dxe5 14.
Qxe5+ Qe7 15. Qxf6 Qxf6 16. Rxf6 O-O-O 17. Rf3 Rhf8 18. b3 Rxf3 19. gxf3 Be3
20. Ne4 Bd4 21. Ng5 b5 22. Bxb5 Rd5 23. Ba6+ Kd7 24. f4 Ra5 25. Bc4 Rxa2 26.
Nxh7 Ke7 27. Ng5 a5 28. Nf3 Bf6 29. Ne5 Bxe5 30. fxe5 c5 31. d4 cxd4 32. Bg5+
Kf8 33. e6 Rg2 34. e7+ Kg7 35. e8=Q Rxg5 36. Qe7+ Kh6 37. Qf8+ 1-0

[Event "Karposh Open  2012"]
[Site "Skopje MKD"]
[Date "2012.04.07"]
[Round "1.48"]
[White "Nikolovski, Nikola"]
[Black "Zupe, Miran"]
[Result "0-1"]
[WhiteElo "1887"]
[BlackElo "2336"]
[PlyCount "84"]
[EventDate "2012.04.07"]
[EventType "swiss"]
[EventRounds "9"]
[Source "lmi"]
[SourceDate "2012.04.07"]

1. e4 e5 2. Nf3 d6 3. d4 Nd7 4. Nc3 Ngf6 5. Bc4 Be7 6. Ng5 O-O 7. Bxf7+ Rxf7 8.
Ne6 Qe8 9. Nxc7 Qd8 10. Nxa8 b6 11. dxe5 dxe5 12. Nd5 Bd6 13. Bg5 Bb7 14. Bxf6
Nxf6 15. Naxb6 axb6 16. Qd3 Nxe4 17. O-O Nc5 18. Qd2 Rd7 19. b4 Bb8 20. bxc5
Rxd5 21. Qb4 Rxc5 22. Rfd1 Qg5 23. g3 Bc7 24. Rd7 Qf6 25. Qb3+ Kf8 26. f4 exf4
27. Re1 Bc8 28. Rde7 Re5 29. R7xe5 Bxe5 30. Qb4+ Kf7 31. Qe4 Bd4+ 32. Kg2 f3+
33. Kh1 Be6 34. Qb7+ Kg6 35. Qe4+ Bf5 36. Qxf3 h5 37. c3 Bc5 38. c4 Qd4 39.
Qc6+ Kh7 40. Qe8 Bg4 41. Qf7 Bb4 42. Rf1 Qe4+ 0-1

[Event "Karposh Open  2012"]
[Site "Skopje MKD"]
[Date "2012.04.07"]
[Round "1.49"]
[White "Stojanovic, Andjelija"]
[Black "Franca, Veronika"]
[Result "1-0"]
[WhiteElo "2324"]
[BlackElo "1863"]
[PlyCount "117"]
[EventDate "2012.04.07"]
[EventType "swiss"]
[EventRounds "9"]
[Source "lmi"]
[SourceDate "2012.04.07"]

1. Nf3 Nf6 2. c4 e6 3. g3 d5 4. Bg2 Be7 5. O-O O-O 6. b3 c5 7. Bb2 Nc6 8. cxd5
exd5 9. d4 cxd4 10. Nxd4 Be6 11. Nc3 Qd7 12. Rc1 Rac8 13. Nxc6 bxc6 14. Na4 c5
15. Bxf6 gxf6 16. Qd2 c4 17. Qd4 Rfd8 18. Rfd1 Kg7 19. Bf3 Ba3 20. Rc2 cxb3 21.
Rxc8 Qxc8 22. axb3 Qc2 23. Qd3 Qxd3 24. Rxd3 Rb8 25. e3 d4 26. Bd1 dxe3 27.
fxe3 Be7 28. Kf2 Rd8 29. Rxd8 Bxd8 30. Nc5 Bb6 31. Na4 Bd8 32. b4 Bd7 33. Nc5
Bc6 34. Bf3 Bb5 35. Be2 Bxe2 36. Kxe2 Be7 37. Nd3 Kg6 38. e4 Kg5 39. Kf3 Bd6
40. b5 Bc7 41. h4+ Kg6 42. Nf4+ Kg7 43. Kg4 Be5 44. Kf5 Kg8 45. h5 Kg7 46. g4
h6 47. Nd5 Bb2 48. Ne7 Bd4 49. Nc6 Be3 50. Na5 Bb6 51. Nc4 Bc7 52. Ne3 Be5 53.
Nd5 Bb2 54. Ne7 Bd4 55. Kf4 Bb6 56. Nf5+ Kh7 57. Kf3 Bc7 58. Ke3 Bb6+ 59. Kd3
1-0

[Event "Karposh Open  2012"]
[Site "Skopje MKD"]
[Date "2012.04.07"]
[Round "1.50"]
[White "Vasilevski, Igor"]
[Black "Kantorik, Marian"]
[Result "0-1"]
[WhiteElo "1850"]
[BlackElo "2323"]
[PlyCount "106"]
[EventDate "2012.04.07"]
[EventType "swiss"]
[EventRounds "9"]
[Source "lmi"]
[SourceDate "2012.04.07"]

1. d4 d5 2. Nf3 e6 3. c4 c5 4. cxd5 exd5 5. g3 Nc6 6. Bg2 Nf6 7. O-O c4 8. Nc3
Be7 9. b3 cxb3 10. Qxb3 O-O 11. Ba3 Be6 12. Bxe7 Qxe7 13. e3 Rac8 14. Rfc1 Na5
15. Qa4 b6 16. Ne5 Nc4 17. Nxc4 Rxc4 18. Qb3 Rfc8 19. Bf1 R4c7 20. Ne2 Ne4 21.
Rxc7 Rxc7 22. Bg2 Nd2 23. Qd3 Nc4 24. Nf4 Qd6 25. Qe2 b5 26. Nd3 a5 27. Nc5 b4
28. Qc2 g6 29. Qa4 Bd7 30. Qd1 Be6 31. Rc1 Kg7 32. Qa4 Rc8 33. Bf1 Qb6 34. Be2
Ra8 35. Qb3 Na3 36. Qa4 Qd6 37. Nb7 Qb6 38. Nc5 Qd6 39. Nb7 Qd7 40. Nc5 Qd6 41.
Qb3 Nc4 42. Qa4 h5 43. Qb3 Na3 44. Qd1 Ra7 45. Qa4 Bg4 46. Bf1 Bf3 47. Nd3 Be4
48. Ne5 Rc7 49. Rxc7 Qxc7 50. Qc6 Qxc6 51. Nxc6 Bb1 52. Nxa5 Bxa2 53. Bd3 Bc4
0-1

[Event "Karposh Open  2012"]
[Site "Skopje MKD"]
[Date "2012.04.07"]
[Round "1.51"]
[White "Piskur, Mitja"]
[Black "Chan, Naruna"]
[Result "1-0"]
[WhiteElo "2303"]
[BlackElo "1835"]
[PlyCount "75"]
[EventDate "2012.04.07"]
[EventType "swiss"]
[EventRounds "9"]
[Source "lmi"]
[SourceDate "2012.04.07"]

1. d3 d5 2. e4 e5 3. exd5 Qxd5 4. Nf3 Nc6 5. a3 Nf6 6. Nc3 Qd8 7. Be2 Be7 8.
O-O O-O 9. Re1 h6 10. h3 Re8 11. Bf1 Bc5 12. b4 Bd4 13. Bb2 a6 14. Nxd4 Nxd4
15. Ne4 Nc6 16. Nxf6+ Qxf6 17. Qd2 Qg6 18. Re3 Bf5 19. Rae1 Qd6 20. f4 f6 21.
fxe5 Nxe5 22. Qf2 Bd7 23. d4 Nc6 24. Bc4+ Kh8 25. Bd3 Rxe3 26. Qxe3 Rf8 27. Qe4
f5 28. Qh4 Rf7 29. c4 Ne7 30. c5 Qf6 31. Qxf6 gxf6 32. Bc4 Rh7 33. d5 Ng8 34.
d6 cxd6 35. cxd6 Kg7 36. Bd5 b6 37. Bd4 b5 38. Rc1 1-0

[Event "Karposh Open  2012"]
[Site "Skopje MKD"]
[Date "2012.04.07"]
[Round "1.57"]
[White "Kastelic, Marian"]
[Black "Karatrajkov, Nikola"]
[Result "1-0"]
[WhiteElo "2286"]
[BlackElo "1770"]
[PlyCount "65"]
[EventDate "2012.04.07"]
[EventType "swiss"]
[EventRounds "9"]
[Source "lmi"]
[SourceDate "2012.04.07"]

1. d4 d5 2. Nf3 c6 3. c4 Nf6 4. Nc3 Bf5 5. e3 e6 6. Be2 Bb4 7. O-O Nbd7 8. Qb3
Bxc3 9. bxc3 b6 10. Ba3 Qc7 11. Rac1 Be4 12. cxd5 exd5 13. Nd2 c5 14. f3 Bf5
15. c4 Be6 16. cxd5 Bxd5 17. Nc4 O-O 18. e4 Bc6 19. d5 b5 20. dxc6 bxc4 21.
Bxc4 Qxc6 22. Rfd1 Rac8 23. Qc3 Qc7 24. Bb2 Rfe8 25. Rd5 Re7 26. Rcd1 Rce8 27.
Bb5 Rb8 28. Rxd7 Rxd7 29. Rxd7 Qb6 30. Bc4 Qb4 31. Qxb4 cxb4 32. Rxf7 Kh8 33.
Rxf6 1-0

[Event "Karposh Open  2012"]
[Site "Skopje MKD"]
[Date "2012.04.07"]
[Round "1.58"]
[White "Konstantinov, Aleksandar"]
[Black "Markidis, Konstantinos"]
[Result "0-1"]
[WhiteElo "1748"]
[BlackElo "2284"]
[PlyCount "108"]
[EventDate "2012.04.07"]
[EventType "swiss"]
[EventRounds "9"]
[Source "lmi"]
[SourceDate "2012.04.07"]

1. e4 e6 2. d3 c5 3. Nd2 Nc6 4. Ngf3 g6 5. g3 Bg7 6. Bg2 Nge7 7. O-O O-O 8. Re1
d6 9. Nf1 h6 10. c3 e5 11. Ne3 f5 12. Nc2 g5 13. h4 g4 14. Nh2 h5 15. exf5 Nxf5
16. Bg5 Bf6 17. Bxf6 Qxf6 18. Qd2 Be6 19. Nf1 Rad8 20. Nfe3 d5 21. Nxf5 Bxf5
22. Re2 Qg6 23. Rd1 Kg7 24. Ne3 Be6 25. Nf1 Bf5 26. Ne3 Be6 27. Nf1 Rfe8 28. a3
a5 29. Rde1 Bf5 30. Rd1 c4 31. d4 Bd3 32. Ree1 exd4 33. Rxe8 Qxe8 34. cxd4 Qg6
35. Re1 Bxf1 36. Bxf1 Qf6 37. Rd1 a4 38. Bg2 Rd7 39. Qe3 b5 40. Qe8 Qf7 41.
Qxf7+ Kxf7 42. f3 Ke6 43. fxg4 hxg4 44. Bf1 Kd6 45. Be2 Rg7 46. Kf2 Rf7+ 47.
Ke3 Re7+ 48. Kf2 Re4 49. h5 Nxd4 50. Bf1 Nf5 51. Bg2 Re5 52. Bf1 Kc5 53. Bg2 d4
54. Rh1 Nh6 0-1

[Event "Karposh Open  2012"]
[Site "Skopje MKD"]
[Date "2012.04.07"]
[Round "1.59"]
[White "Vasovski, Nikola"]
[Black "Mihtis, Theodoros"]
[Result "1-0"]
[WhiteElo "2279"]
[BlackElo "1746"]
[PlyCount "65"]
[EventDate "2012.04.07"]
[EventType "swiss"]
[EventRounds "9"]
[Source "lmi"]
[SourceDate "2012.04.07"]

1. d4 d5 2. c4 e6 3. Nf3 c5 4. Nc3 Nc6 5. cxd5 exd5 6. dxc5 Be6 7. Na4 b5 8.
cxb6 axb6 9. e3 Bd6 10. Bb5 Nge7 11. Nd4 Bd7 12. Nxc6 Bxc6 13. Bxc6+ Nxc6 14.
Nc3 Ra5 15. O-O d4 16. exd4 Bxh2+ 17. Kxh2 Qh4+ 18. Kg1 Rh5 19. Re1+ Kd7 20. f4
Qh1+ 21. Kf2 Qh4+ 22. Kf3 g5 23. fxg5 f6 24. d5 Ne5+ 25. Rxe5 fxe5 26. Qa4+ Kd8
27. Qa8+ Kd7 28. Qb7+ Kd8 29. Qxb6+ Kd7 30. Qc6+ Kd8 31. Qf6+ Kd7 32. Qf7+ Kc8
33. Be3 1-0

[Event "Karposh Open  2012"]
[Site "Skopje MKD"]
[Date "2012.04.07"]
[Round "1.60"]
[White "Nikolov, Kole"]
[Black "Drljevic, Ljilja"]
[Result "0-1"]
[WhiteElo "1715"]
[BlackElo "2278"]
[PlyCount "74"]
[EventDate "2012.04.07"]
[EventType "swiss"]
[EventRounds "9"]
[Source "lmi"]
[SourceDate "2012.04.07"]

1. e4 d6 2. Bc4 Nf6 3. Nc3 g6 4. d3 Bg7 5. Bg5 h6 6. Bd2 c6 7. a3 d5 8. exd5
cxd5 9. Bb3 Nc6 10. Nf3 O-O 11. O-O Bg4 12. h3 Bxf3 13. Qxf3 Nd4 14. Qd1 Nxb3
15. cxb3 e6 16. Rc1 Nd7 17. b4 Ne5 18. Qe2 Nc6 19. Qd1 Nd4 20. Be3 Nf5 21. Bd2
h5 22. Rb1 Qh4 23. Ne2 Rac8 24. Bc3 d4 25. Bd2 Be5 26. Rc1 Bb8 27. Rc5 b6 28.
Rc2 g5 29. f3 g4 30. Be1 Qg5 31. Bd2 Qg7 32. fxg4 hxg4 33. Rxc8 Rxc8 34. Nf4
gxh3 35. Nxh3 Qg3 36. Bf4 Bxf4 37. Rxf4 Ne3 0-1

[Event "Karposh Open  2012"]
[Site "Skopje MKD"]
[Date "2012.04.07"]
[Round "1.61"]
[White "Georgievski, Vanco"]
[Black "Lakinska, Simona"]
[Result "1-0"]
[WhiteElo "2273"]
[BlackElo "1690"]
[PlyCount "107"]
[EventDate "2012.04.07"]
[EventType "swiss"]
[EventRounds "9"]
[Source "lmi"]
[SourceDate "2012.04.07"]

1. d4 Nf6 2. Nf3 d5 3. Bf4 Bf5 4. c3 e6 5. Qb3 Qc8 6. e3 Be7 7. Nh4 Bg6 8. Nxg6
hxg6 9. h3 Nbd7 10. Nd2 Nb6 11. Be2 Qd7 12. a4 c6 13. O-O O-O 14. a5 Nc8 15. c4
dxc4 16. Nxc4 Bd8 17. Ne5 Qe7 18. a6 bxa6 19. Nxc6 Qd7 20. Ne5 Qe7 21. Bf3 Nd5
22. Bxd5 exd5 23. Qxd5 Nb6 24. Qb3 Kh7 25. Rfc1 Rc8 26. Rxc8 Nxc8 27. Rxa6 Bb6
28. Qa3 Qxa3 29. bxa3 f6 30. Nc4 g5 31. Bg3 Rf7 32. Nd6 Nxd6 33. Bxd6 Rd7 34.
Bg3 Kg6 35. a4 Rb7 36. Bd6 Kf7 37. g3 Ke8 38. a5 Bc7 39. Bc5 Bb8 40. Kg2 Kd7
41. Kf3 Ke8 42. g4 Kf7 43. Ke4 Rd7 44. f3 Kg6 45. Rc6 Rd8 46. a6 Kf7 47. Kd3
Re8 48. d5 Rd8 49. Bxa7 Bxa7 50. Rc7+ Kf8 51. Rxa7 Rxd5+ 52. Kc4 Ra5 53. Kb4
Ra1 54. Kc5 1-0

[Event "Karposh Open  2012"]
[Site "Skopje MKD"]
[Date "2012.04.07"]
[Round "1.62"]
[White "Lampsas, Georgios"]
[Black "Veleski, Robert"]
[Result "0-1"]
[WhiteElo "1660"]
[BlackElo "2267"]
[PlyCount "72"]
[EventDate "2012.04.07"]
[EventType "swiss"]
[EventRounds "9"]
[Source "lmi"]
[SourceDate "2012.04.07"]

1. c4 c5 2. Nc3 Nc6 3. e4 g6 4. g3 Bg7 5. Nge2 Ne5 6. Ng1 d6 7. d3 e6 8. f4 Nc6
9. Nge2 Nge7 10. Bg2 O-O 11. Be3 Nd4 12. Rc1 a6 13. O-O Rb8 14. Rf2 Qa5 15. a3
Nec6 16. Nxd4 Nxd4 17. Ne2 Nxe2+ 18. Qxe2 b5 19. e5 b4 20. Re1 dxe5 21. axb4
cxb4 22. c5 exf4 23. Rxf4 Qa4 24. c6 Rb5 25. c7 Re5 26. Qd2 a5 27. Rc4 Rh5 28.
Qc2 Qa2 29. g4 Rd5 30. b3 Qa3 31. Bxd5 exd5 32. Rc6 Re8 33. Rd6 a4 34. Rd8 Rf8
35. Rxf8+ Bxf8 36. bxa4 b3 0-1

[Event "Karposh Open  2012"]
[Site "Skopje MKD"]
[Date "2012.04.07"]
[Round "1.63"]
[White "Dobrotka, Martin"]
[Black "Peev, Kosta"]
[Result "1-0"]
[WhiteElo "2259"]
[BlackElo "1625"]
[PlyCount "67"]
[EventDate "2012.04.07"]
[EventType "swiss"]
[EventRounds "9"]
[Source "lmi"]
[SourceDate "2012.04.07"]

1. d4 d5 2. c4 e6 3. Nf3 f5 4. g3 Nf6 5. Bg2 c6 6. Nc3 Bd6 7. O-O O-O 8. Qb3
Nbd7 9. Ng5 Qe7 10. cxd5 exd5 11. e4 fxe4 12. Ngxe4 Bc7 13. Bg5 Kh8 14. Nxf6
Nxf6 15. Rae1 Qf7 16. Qb4 Be6 17. Bxf6 gxf6 18. Qxb7 Qd7 19. Rxe6 Qxe6 20. Qxc7
Rfb8 21. Na4 Rc8 22. Qf4 Re8 23. Nc5 Qe7 24. Bh3 Rab8 25. b3 Rb4 26. Bd7 Rf8
27. Qd2 Rb6 28. Re1 Qd6 29. Re6 Qc7 30. Qh6 Qd8 31. Bxc6 Qc8 32. Rxf6 Rxf6 33.
Qxf6+ Kg8 34. Bxd5+ 1-0

[Event "Karposh Open  2012"]
[Site "Skopje MKD"]
[Date "2012.04.07"]
[Round "1.64"]
[White "Irakleidis, Christos"]
[Black "Vlashki, Nino"]
[Result "0-1"]
[WhiteElo "1523"]
[BlackElo "2258"]
[PlyCount "54"]
[EventDate "2012.04.07"]
[EventType "swiss"]
[EventRounds "9"]
[Source "lmi"]
[SourceDate "2012.04.07"]

1. d4 Nf6 2. Nf3 g6 3. e3 Bg7 4. c4 c5 5. Nc3 cxd4 6. exd4 d5 7. b3 Nc6 8. Bb2
Bg4 9. Be2 O-O 10. O-O dxc4 11. bxc4 Bxf3 12. Bxf3 Qxd4 13. Bxc6 Qxd1 14. Raxd1
bxc6 15. Ba3 Rfe8 16. Rfe1 Ng4 17. Bb2 Ne5 18. c5 Rad8 19. Na4 Nd3 20. Re2 Nxb2
21. Rxd8 Rxd8 22. Nxb2 Bxb2 23. g3 Bd4 24. Rxe7 Bxc5 25. Rc7 Rd2 26. Rxc6 Bxf2+
27. Kf1 Rxa2 0-1

[Event "Karposh Open  2012"]
[Site "Skopje MKD"]
[Date "2012.04.08"]
[Round "2.1"]
[White "Krivokapic, Marko"]
[Black "Berkes, Ferenc"]
[Result "0-1"]
[WhiteElo "2415"]
[BlackElo "2682"]
[PlyCount "80"]
[EventDate "2012.04.07"]
[EventType "swiss"]
[EventRounds "9"]
[Source "lmi"]
[SourceDate "2012.04.07"]

1. e4 c6 2. d4 d5 3. Nc3 dxe4 4. Nxe4 Bf5 5. Ng3 Bg6 6. Nf3 Nd7 7. Bc4 e6 8.
O-O Bd6 9. Qe2 Qc7 10. Re1 Ne7 11. Ne5 Nb6 12. Bb3 Bxe5 13. dxe5 c5 14. c3
O-O-O 15. a4 Bd3 16. Qh5 c4 17. a5 Nbd5 18. Ba4 Ng6 19. a6 b6 20. Bg5 f6 21.
exf6 gxf6 22. Bh6 Kb8 23. Bd1 Rhg8 24. Bf3 f5 25. Bxd5 Rxd5 26. Rxe6 Qd7 27.
Rae1 f4 28. Rxg6 hxg6 29. Bxf4+ Kc8 30. Qf3 Re8 31. Be3 Bc2 32. h3 Ba4 33. Ne4
Rf5 34. Qg4 Bc6 35. Ng3 Rfe5 36. Qxc4 Qd5 37. Qg4+ Qe6 38. Qb4 Rb5 39. Qa3 Ra5
40. Qb4 Ra4 0-1

[Event "Karposh Open  2012"]
[Site "Skopje MKD"]
[Date "2012.04.08"]
[Round "2.2"]
[White "Georgiev, Kiril"]
[Black "Nikolov, Sasho"]
[Result "1-0"]
[WhiteElo "2671"]
[BlackElo "2397"]
[PlyCount "42"]
[EventDate "2012.04.07"]
[EventType "swiss"]
[EventRounds "9"]
[Source "lmi"]
[SourceDate "2012.04.07"]

1. d4 d5 2. c4 c6 3. Nf3 Nf6 4. Nc3 e6 5. Bg5 dxc4 6. e4 b5 7. e5 h6 8. Bh4 g5
9. Nxg5 hxg5 10. Bxg5 Nbd7 11. g3 Bb7 12. Bg2 Qb6 13. exf6 c5 14. d5 b4 15. O-O
O-O-O 16. Na4 Qb5 17. a3 Nb8 18. axb4 cxb4 19. Qg4 Rxd5 20. Rfc1 Rxg5 21. Qxc4+
Kd8 1-0

[Event "Karposh Open  2012"]
[Site "Skopje MKD"]
[Date "2012.04.08"]
[Round "2.3"]
[White "Dancevski, Orce"]
[Black "Ivanisevic, Ivan"]
[Result "0-1"]
[WhiteElo "2380"]
[BlackElo "2645"]
[PlyCount "130"]
[EventDate "2012.04.07"]
[EventType "swiss"]
[EventRounds "9"]
[Source "lmi"]
[SourceDate "2012.04.07"]

1. d4 d5 2. c4 e6 3. Nf3 Nf6 4. e3 c6 5. Bd3 dxc4 6. Bxc4 Nbd7 7. O-O Bd6 8.
Nc3 O-O 9. e4 e5 10. Bb3 Qc7 11. h3 exd4 12. Qxd4 Ne5 13. Nxe5 Bxe5 14. Qd3 Rd8
15. Qf3 Re8 16. Bg5 Be6 17. Bxe6 Rxe6 18. Rfe1 Rae8 19. Bxf6 Bxf6 20. Re2 g6
21. Rae1 Qa5 22. Qd3 Qc5 23. Qc2 Qc4 24. g3 b5 25. a3 Bd4 26. Kg2 f5 27. f3 a5
28. a4 b4 29. Nd1 Qxc2 30. Rxc2 fxe4 31. Rxe4 Rxe4 32. fxe4 Rxe4 33. Nf2 Re3
34. Ng4 Rb3 35. Rxc6 Rxb2+ 36. Kf3 b3 37. Ke4 Rd2 38. Rc8+ Kf7 39. Rb8 b2 40.
Ne5+ Bxe5 41. Kxe5 Re2+ 42. Kf4 Rc2 43. Rb7+ Kf6 44. Rb6+ Kg7 45. Kf3 g5 46. g4
Kf7 47. Kg3 h6 48. h4 Rc3+ 49. Kh2 Rc2+ 50. Kg3 Ke7 51. hxg5 hxg5 52. Kf3 Kd7
53. Ke3 Kc7 54. Rb5 Kc6 55. Kf3 Rc3+ 56. Kf2 Rc4 57. Rxb2 Rxa4 58. Kf3 Rf4+ 59.
Kg3 a4 60. Rb8 Re4 61. Kf3 Re5 62. Rb4 Ra5 63. Ke4 a3 64. Rb1 a2 65. Ra1 Kd6
0-1